000 00488nam a2200181Ia 4500
008 240729s9999 xx 000 0 und d
022 _a2253-1440
245 0 _aLandscape Review
260 _aNew Zealand
260 _bLincoln University
650 _a Architecture | Social Sciences
650 _a Industries. Land use. Labor
650 _a Land use
650 _aFine Arts
856 _uhttps://doaj.org/toc/e4de210379e645feb3d4745aadc38adf
942 _2ddc
942 _cDOAJEJ
999 _c67471
_d67471
945 _a1
_bMadushi Gamage
_c1
_dMadushi Gamage